Splat the cat what was that ? / (Record no. 9946)

MARC details
000 -LEADER
fixed length control field 01031nam a22003137a 4500
001 - CONTROL NUMBER
control field 9946
003 - CONTROL NUMBER IDENTIFIER
control field FISKH
005 - DATE AND TIME OF LATEST TRANSACTION
control field 20260319091340.0
008 - FIXED-LENGTH DATA ELEMENTS--GENERAL INFORMATION
fixed length control field 260319b cb ||||| |||| 00| 0 eng d
020 ## - INTERNATIONAL STANDARD BOOK NUMBER
International Standard Book Number 9780061978630
040 ## - CATALOGING SOURCE
Original cataloging agency FISKH
Language of cataloging eng
Transcribing agency FISKH
Modifying agency FISKH
050 ## - LIBRARY OF CONGRESS CALL NUMBER
Classification number PZ7 .S4334 .S
082 ## - DEWEY DECIMAL CLASSIFICATION NUMBER
Classification number 823.93
100 ## - MAIN ENTRY--PERSONAL NAME
Personal name Scotton , Rob
245 ## - TITLE STATEMENT
Title Splat the cat what was that ? /
Statement of responsibility, etc. Based on the creation of ROb Scotton
250 ## - EDITION STATEMENT
Edition statement First Edition
260 ## - PUBLICATION, DISTRIBUTION, ETC.
Place of publication, distribution, etc. New York :
Name of publisher, distributor, etc. HarperCollins Publishers ,
Date of publication, distribution, etc. 2013 .
300 ## - PHYSICAL DESCRIPTION
Extent 22 unnumbered pages :
Other physical details color illustrations ;
Dimensions 20 X 20 cm .
490 ## - SERIES STATEMENT
Series statement Splat the Cat (Lift-the-Flap Books — 3)
505 ## - FORMATTED CONTENTS NOTE
Formatted contents note J <br/>
520 ## - SUMMARY, ETC.
Summary, etc. "Splat the Cat celebrates Halloween in this fun lift-the-flap book!" -- p. 4 of cover.
521 8# - TARGET AUDIENCE NOTE
Target audience note 500 <br/>
Source Lexile AD <br/>
521 8# - TARGET AUDIENCE NOTE
Target audience note J <br/>
Source Raz-Plus <br/><br/>
650 ## - SUBJECT ADDED ENTRY--TOPICAL TERM
Topical term or geographic name entry element Lift the flap
Form subdivision Juvenile Literature
650 ## - SUBJECT ADDED ENTRY--TOPICAL TERM
Topical term or geographic name entry element Holidays
Form subdivision Juvenile Literature
700 ## - ADDED ENTRY--PERSONAL NAME
Personal name Merkel , Joe
Relator term Illustrator
942 ## - ADDED ENTRY ELEMENTS (KOHA)
Source of classification or shelving scheme Dewey Decimal Classification
Koha item type Books
Suppress in OPAC No
Holdings
Withdrawn status Lost status Source of classification or shelving scheme Damaged status Not for loan Collection Home library Current library Shelving location Date acquired Total Checkouts Full call number Barcode Date last seen Price effective from Koha item type
    Dewey Decimal Classification     Juvenile Fiction Footprints International School Library Network Toul Tom Poung Campus Footprints International School Library Network Toul Tom Poung Campus TTP Primary Dark Blue Bookshelves 03/19/2026   SCO 823.93 PZ7 .S4334 .S FISTK02566 03/19/2026 03/19/2026 Books